[Event "Asian Continental op 20th"]
[Site "Almaty"]
[Date "2023.06.11"]
[Round "9"]
[White "Smirnov, Mark1111"]
[Black "Kudaibergen, Nurlykhan"]
[Result "0-1"]
[WhiteElo "1921"]
[BlackElo "1610"]
[PlyCount "64"]
[EventDate "2023.06.04"]
[EventType "swiss"]
[EventRounds "9"]
[EventCountry "KAZ"]
[SourceTitle "CBM 214 Extra"]
[Source "ChessBase"]
[SourceDate "2023.07.31"]
[SourceVersion "1"]
[SourceVersionDate "2023.07.31"]
[SourceQuality "1"]

1. e4 d6 2. d4 Nf6 3. Nc3 c6 4. a4 Qa5 5. Bd2 e5 6. d5 Qc7 7. Bc4 a5 8. Nf3 Bg4 9. Qe2 Be7 10. 0-0-0 Nbd7 11. h3 Bh5 12. g4 Bg6 13. h4 h5 14. g5 Nh7 15. Rhg1 0-0 16. Ne1 Rfc8 17. dxc6 bxc6 18. Nd3 d5 19. exd5 cxd5 20. Bxd5 Rab8 21. Be4 Nhf8 22. Bxg6 Nxg6 23. Qe4 Nb6 24. f4 Nc4 25. Nd5 Qd7 26. Rde1 Qxa4 27. Kd1 Rxb2 28. Ne3 Nxe3+ 29. Qxe3 Rbxc2 30. Ke2 exf4 31. Qf3 Rxd2+ 32. Kf1 Qc4 0-1

[Event "Asian Continental op 20th"]
[Site "Almaty"]
[Date "2023.06.07"]
[Round "5"]
[White "Kudaibergen, Nurlykhan"]
[Black "Fancy, Stuart"]
[Result "1-0"]
[WhiteElo "1610"]
[BlackElo "1930"]
[PlyCount "57"]
[EventDate "2023.06.04"]
[EventType "swiss"]
[EventRounds "9"]
[EventCountry "KAZ"]
[SourceTitle "CBM 214 Extra"]
[Source "ChessBase"]
[SourceDate "2023.07.31"]
[SourceVersion "1"]
[SourceVersionDate "2023.07.31"]
[SourceQuality "1"]

1. e4 Nc6 2. d4 d6 3. Nc3 Nf6 4. Be3 g6 5. f3 Bg7 6. Qd2 0-0 7. Nge2 e5 8. d5 Ne7 9. Bh6 c6 10. dxc6 bxc6 11. Ng3 d5 12. h4 d4 13. Nd1 Bxh6 14. Qxh6 Qa5+ 15. Kf2 Qc5 16. Bd3 a5 17. h5 Ba6 18. Kg1 Qd6 19. Nf2 Qe6 20. Nh3 Bxd3 21. cxd3 Rfb8 22. Ng5 Qd6 23. hxg6 fxg6 24. Nxh7 Nxh7 25. Qxh7+ Kf8 26. Rh6 Qe6 27. Nf5 Qf7 28. Qh8+ Ng8 29. Rh7 1-0

[Event "Asian Continental op 20th"]
[Site "Almaty"]
[Date "2023.06.05"]
[Round "2"]
[White "Kudaibergen, Nurlykhan"]
[Black "Moldagali, Beksultan"]
[Result "0-1"]
[WhiteElo "1610"]
[BlackElo "2106"]
[PlyCount "86"]
[EventDate "2023.06.04"]
[EventType "swiss"]
[EventRounds "9"]
[EventCountry "KAZ"]
[SourceTitle "CBM 214 Extra"]
[Source "ChessBase"]
[SourceDate "2023.07.31"]
[SourceVersion "1"]
[SourceVersionDate "2023.07.31"]
[SourceQuality "1"]

1. Nf3 d5 2. g3 Nd7 3. Bg2 e5 4. d3 Ngf6 5. c3 c6 6. Nbd2 Bc5 7. 0-0 Bb6 8. e4 0-0 9. Qe2 Re8 10. h3 Nf8 11. Re1 Ng6 12. Nf1 h6 13. Be3 Be6 14. a4 d4 15. cxd4 exd4 16. Bd2 a5 17. Rec1 Qd7 18. Kh2 h5 19. Ng5 Nh7 20. Nxe6 fxe6 21. h4 Nf6 22. f3 Bc7 23. Kg1 Ne5 24. Bf4 Rf8 25. Qd2 Ra6 26. Rc5 Nf7 27. Bxc7 Qxc7 28. Bh3 b6 29. Rc4 Qd6 30. f4 e5 31. f5 b5 32. Rc2 Rb8 33. Nh2 bxa4 34. Rxa4 Rb3 35. Bf1 Qc7 36. Be2 Qb6 37. Qc1 Nxe4 38. dxe4 d3+ 39. Kg2 dxe2 40. Rxe2 Qb5 41. Rc4 Nd6 42. Rcc2 Qd3 43. Qe1 Nxe4 0-1

[Event "Asian Continental op 20th"]
[Site "Almaty"]
[Date "2023.06.04"]
[Round "1"]
[White "Tologontegin, Semetey"]
[Black "Kudaibergen, Nurlykhan"]
[Result "1-0"]
[WhiteElo "2371"]
[BlackElo "1610"]
[PlyCount "56"]
[EventDate "2023.06.04"]
[EventType "swiss"]
[EventRounds "9"]
[EventCountry "KAZ"]
[SourceTitle "CBM 214 Extra"]
[Source "ChessBase"]
[SourceDate "2023.07.31"]
[SourceVersion "1"]
[SourceVersionDate "2023.07.31"]
[SourceQuality "1"]

1. Nf3 Nf6 2. g3 d6 3. Bg2 c6 4. c4 e5 5. Nc3 Be7 6. 0-0 Qc7 7. d4 Nbd7 8. Qc2 0-0 9. b3 Re8 10. Bb2 Bf8 11. Rad1 h6 12. a3 Nh7 13. e4 Ndf6 14. h3 Bd7 15. c5 exd4 16. cxd6 Bxd6 17. Nxd4 Ng5 18. Kh2 Nh5 19. Nde2 Ne6 20. Qd2 Be5 21. Qxd7 Qb8 22. Qd2 Bf6 23. f4 Qc7 24. e5 Be7 25. g4 Nhxf4 26. Nxf4 Bg5 27. Nxe6 Rxe6 28. Qf2 Rxe5 1-0